Yleistieto #60 - Statistics

Yleistilastot
  • Tätä visaa on pelattu 544 kertaa
  • Keskiarvotulos 8 / 13
Vastaustilastot
Vinkki Vastaus % Oikein
Ketä pidetään suomen kirjakielen kehittäjänä ja luojana? Mikael Agricola
89%
Kenen jääkiekkopelaajan lempinimi on "Finnish flash"? Teemu Selänteen
84%
Mikä oli Mannerheimin sotilasarvo? Marsalkka
82%
Mistä kaupungista tulee jääkiekkojoukkue Maple Leafs? Torontosta
80%
Kuka jalkapalloilija on kuuluisa ns. 'Jumalan käsi'-maalista? Diego Maradona
76%
Mikä eläin on latinaksi vulpes vulpes? Kettu
71%
Kuka on kirjoittanut "Mielensäpahoittaja"? Tuomas Kyrö
68%
Mikä oli Latvian rahayksikkö ennen euroa? Lati
46%
Mikä oli Aleksis Kiven alkuperäinen sukunimi? Stenvall
46%
Mikä oli Finnairin entinen nimi? Aero Oy
43%
Kuka oli Miss Universum-voittaja vuonna 1975? Anne Pohtamo
38%
Missä Yhdysvaltojen osavaltiossa on Atlanta? Georgiassa
38%
Kuka on perustanut Sundance-elokuvafestivaalin? Robert Redford
25%
Ehtoja vastaavia visoja ei löytynyt
Tulosjakauma
Jokaisen tuloksen saaneiden osuus
Persentiili vastausten määrän mukaan
Tuloshistoriasi
Et ole pelannut tätä visaa